The theory of the novel /

Guardat en:
Dades bibliogràfiques
Autor principal: Lukács, György, 1885-1971
Format: Desconegut
Idioma:English
Publicat: Cambridge : Cambridge university press, 1971.
Etiquetes: Afegir etiqueta
Sense etiquetes, Sigues el primer a etiquetar aquest registre!

MARC

LEADER 000000000a22000000004500
001 012083
041 0 |a eng 
082 0 4 |a 809.3   |b L954t 
100 1 |a Lukács, György,   |d 1885-1971 
245 1 4 |a The theory of the novel /   |c György Lukács. 
260 1 |a Cambridge :   |b Cambridge university press,   |c 1971. 
300 |a 160 páginas 
500 |a Material disponible en BCMA 
500 |a Colección George Yúdice 
999 |c 18095  |d 18095 
942 |c BK  |h 809.3 L954t  |2 z